00625nam a2200205Ia 4500008004100000041001200041082001200053100004400065245005200109260004800161300000900209365000800218520001300226520003800239546001200277630005200289650001300341655001300354730005200367101110s9999 xx 000 0 und d aENGLISH bSR34565 aForouzan Behrouz A., Fegan Sophia Chung aData Communications and networking, 4th edition c2010bTata McGraw Hill Education, New Delhi a1134 b425 aComputer aTransfer to IT Dept., dt. 10/8/10 aENGLISH aData Communications and networking, 4th edition aComputer aComputer aData Communications and networking, 4th edition